000 01179cab a2200289 4500
001 ABS67578
008 040324n2004 000 0 eng u
035 _a(Sirsi) u125551
245 _aTerminal 5
260 _c2004
490 _aNew Civil Engineer
_v(1520) 26 February 2004, 3-50(38) (LOAN)
520 _aProvides an insight into the building and design of one of Britain's largest construction projects, Terminal 5 at Heathrow Airport. Features cover its design, management, risk management through the T5 Agreement, earthworks, safety, tunnels, logistics, river diversions, concrete, workforce health, economic development and local community initiatives, suppliers and the airport as a whole.
590 _aABS
650 _aHEATHROW TERMINAL 5
650 _aHEATHROW AIRPORT
650 _aMANAGEMENT-PROJECT MANAGEMENT
650 _aBUILT ENVIRONMENT-BUILDING CONTRACT FORMS
650 _aLOGISTICS
650 _aHEALTH AND SAFETY POLICY
650 _aRISK MANAGEMENT
650 _aSAFETY MANAGEMENT
650 _aLOCAL ECONOMY
650 _aSUPPLIERS
650 _aLOCAL COMMUNITY
690 _aBUILT ENVIRONMENT-CONSTRUCTION DESIGN
942 _n0
999 _c74293
_d74293